<?xml version="1.0" encoding="UTF-8"?><?xml-stylesheet type="text/xsl" href="static/style.xsl"?><OAI-PMH xmlns="http://www.openarchives.org/OAI/2.0/" xmlns:xsi="http://www.w3.org/2001/XMLSchema-instance" xsi:schemaLocation="http://www.openarchives.org/OAI/2.0/ http://www.openarchives.org/OAI/2.0/OAI-PMH.xsd"><responseDate>2026-04-13T02:31:51Z</responseDate><request verb="GetRecord" identifier="oai:www.recercat.cat:20.500.12327/2009" metadataPrefix="marc">https://recercat.cat/oai/request</request><GetRecord><record><header><identifier>oai:recercat.cat:20.500.12327/2009</identifier><datestamp>2025-10-22T11:30:50Z</datestamp><setSpec>com_2072_4428</setSpec><setSpec>com_2072_4427</setSpec><setSpec>col_2072_487898</setSpec></header><metadata><record xmlns="http://www.loc.gov/MARC21/slim" xmlns:dcterms="http://purl.org/dc/terms/" xmlns:xsi="http://www.w3.org/2001/XMLSchema-instance" xmlns:doc="http://www.lyncode.com/xoai" xsi:schemaLocation="http://www.loc.gov/MARC21/slim http://www.loc.gov/standards/marcxml/schema/MARC21slim.xsd">
   <leader>00925njm 22002777a 4500</leader>
   <datafield ind2=" " ind1=" " tag="042">
      <subfield code="a">dc</subfield>
   </datafield>
   <datafield ind2=" " ind1=" " tag="720">
      <subfield code="a">Villarino, María</subfield>
      <subfield code="e">author</subfield>
   </datafield>
   <datafield ind2=" " ind1=" " tag="720">
      <subfield code="a">Usall, Josep</subfield>
      <subfield code="e">author</subfield>
   </datafield>
   <datafield ind2=" " ind1=" " tag="720">
      <subfield code="a">Casals, Carla</subfield>
      <subfield code="e">author</subfield>
   </datafield>
   <datafield ind2=" " ind1=" " tag="720">
      <subfield code="a">Lamarca, Neus</subfield>
      <subfield code="e">author</subfield>
   </datafield>
   <datafield ind2=" " ind1=" " tag="720">
      <subfield code="a">Melgarejo, Paloma</subfield>
      <subfield code="e">author</subfield>
   </datafield>
   <datafield ind2=" " ind1=" " tag="720">
      <subfield code="a">De Cal, Antonieta</subfield>
      <subfield code="e">author</subfield>
   </datafield>
   <datafield ind2=" " ind1=" " tag="720">
      <subfield code="a">Segarra, Joan</subfield>
      <subfield code="e">author</subfield>
   </datafield>
   <datafield ind2=" " ind1=" " tag="260">
      <subfield code="c">2022-04-07</subfield>
   </datafield>
   <datafield ind2=" " ind1=" " tag="520">
      <subfield code="a">A new approach to modelling epidemics of&#xd;
brown rot caused by Monilinia spp. in Ebro Valley&#xd;
peach orchards has been developed. This compartmental model was subdivided according to the phenological&#xd;
stages in which the disease can develop (blossom, immature fruit, and ripe fruit). Information host susceptibility, primary and secondary inoculum sources and&#xd;
latent infections in immature fruit was taken into account. The compartmental model is described by a&#xd;
system of differential equations, and is simple enough&#xd;
to allow an analytical study of the main epidemiological&#xd;
factors that determine the rate of disease progress during&#xd;
a single growing season. The proposed model fits well&#xd;
to the epidemic pattern of brown rot observed in northeastern Spain. The transmission of the disease as a nonlinear term implied that small changes in the infection&#xd;
rate had a large effect on the development of the disease.&#xd;
The model has confirmed the usefulness of removing&#xd;
mummies (infected fruit that remains in the crop during&#xd;
winter) from the field to reduce the final incidence of the&#xd;
disease. In addition, all control measures that reduce the&#xd;
rate of secondary infection in ripe fruit, either through&#xd;
the use of more resistant varieties or the use of fungicides, are effective in reducing brown rot incidence. The&#xd;
proposed epidemic model is flexible and allows to add&#xd;
complexities to the system and evaluate the effectiveness of different control strategies.</subfield>
   </datafield>
   <datafield ind1="8" ind2=" " tag="024">
      <subfield code="a">Villarino, M., J. Usall, C. Casals, N. Lamarca, P. Melgarejo, A. De Cal, and J. Segarra. 2022. Development Of Brown Rot Epidemics In Spanish Peach Orchards. European Journal Of Plant Pathology 163 (3): 641-655. doi:10.1007/s10658-022-02504-y</subfield>
   </datafield>
   <datafield ind1="8" ind2=" " tag="024">
      <subfield code="a">0929-1873</subfield>
   </datafield>
   <datafield ind1="8" ind2=" " tag="024">
      <subfield code="a">http://hdl.handle.net/20.500.12327/2009</subfield>
   </datafield>
   <datafield ind1="8" ind2=" " tag="024">
      <subfield code="a">https://doi.org/10.1007/s10658-022-02504-y</subfield>
   </datafield>
   <datafield ind2="0" ind1="0" tag="245">
      <subfield code="a">Development of brown rot epidemics in Spanish peach orchards</subfield>
   </datafield>
</record></metadata></record></GetRecord></OAI-PMH>